000 00203nam a2200097Ia 4500
008 220204s9999 xx 000 0 und d
082 _a82-3
_bHEM
100 _aErnest
245 0 _aMen at war
942 _cBK
999 _c29271
_d29271